000 00375nam a2200133Ia 4500
008 100328s9999 xx 000 0 und d
082 _b12051
100 _aटिळक अशोक देवदत्त
245 _aशांतिसदन
260 _bनागरिक
630 _aशांतिसदन
730 _aशांतिसदन
942 _cBOOK
999 _c507345
_d507342